Политическая система Югославии

Dades bibliogràfiques
Autor principal: Каменецкий В. М. Владилен Моисеевич
Sumari:Исключено из фонда НТБ ТПУ
Idioma:rus
Publicat: Москва, Наука, 1991
Format: MixedMaterials Llibre
KOHA link:https://koha.lib.tpu.ru/cgi-bin/koha/opac-detail.pl?biblionumber=158768

MARC

LEADER 00000nam0a2200000 4500
001 158768
005 20231031154601.0
010 |a 5020104779 
020 |a RU  |b 91-57763 
035 |a (RuTPU)RU\TPU\book\172193 
090 |a 158768 
100 |a 20090428d1991 m a0rusy5003 ca 
101 0 |a rus 
102 |a RU 
105 |a y z 000zy 
200 1 |a Политическая система Югославии  |f В. М. Каменецкий 
210 |a Москва  |c Наука  |d 1991 
215 |a 119 с.  |d 22 см 
333 |a Исключено из фонда НТБ ТПУ 
700 1 |a Каменецкий  |b В. М.  |g Владилен Моисеевич  |4 070 
801 0 |a RU  |b RuMRKP  |c 19950417  |g psbo 
801 1 |a RU  |b 63413507  |c 20090428  |g PSBO 
801 2 |a RU  |b 63413507  |c 20170124  |g PSBO 
942 |c BK